Giáo trình hóa tin học Các bài toán nhiệt động, thống kê và lí thuyết phản ứng hóa học
Ngôn ngữ lập trình pascal và các thuật toán tìm nghiệm cơ bản dùng trong hóa học. Các phương pháp nhiệt động xác định hằng số cân bằng hóa học. Phương pháp cơ học thống kê xác định hằng số cân bằng hóa học. Nghiên cứu tính chất hóa lí hệ phản ứng cân bằng ở nhiệt độ cao. Lý thuyết hồi quy. Phương ph...
Guardado en:
| Autor principal: | |
|---|---|
| Formato: | Libro |
| Lenguaje: | Vietnamese |
| Publicado: |
H.
Đại học Sư phạm
2011
|
| Edición: | Tái bản lần thứ hai, có sửa chữa |
| Materias: | |
| Etiquetas: |
Agregar Etiqueta
Sin Etiquetas, Sea el primero en etiquetar este registro!
|
| Thư viện lưu trữ: | Mạng thư viện Đại học Đà Nẵng |
|---|
| LEADER | 01734nam a2200337 4500 | ||
|---|---|---|---|
| 001 | 000024030 | ||
| 003 | 20509 | ||
| 005 | 20160921090932.0 | ||
| 008 | 160919s2011 viesd | ||
| 020 | |c 60000đ | ||
| 041 | 0 | |a vie | |
| 082 | 1 | 4 | |a 540.76 |b TR-Q |
| 100 | 1 | |a Trần Vĩnh Quý | |
| 245 | 1 | 0 | |a Giáo trình hóa tin học |b Các bài toán nhiệt động, thống kê và lí thuyết phản ứng hóa học |c Trần Vĩnh Quý |
| 250 | |a Tái bản lần thứ hai, có sửa chữa | ||
| 260 | |a H. |b Đại học Sư phạm |c 2011 | ||
| 300 | |a 358 tr. |b hình vẽ, bảng |c 24 cm. | ||
| 520 | 3 | |a Ngôn ngữ lập trình pascal và các thuật toán tìm nghiệm cơ bản dùng trong hóa học. Các phương pháp nhiệt động xác định hằng số cân bằng hóa học. Phương pháp cơ học thống kê xác định hằng số cân bằng hóa học. Nghiên cứu tính chất hóa lí hệ phản ứng cân bằng ở nhiệt độ cao. Lý thuyết hồi quy. Phương pháp giải hệ phương trình vi phân động hóa học xác định cơ chế phản ứng hóa học. Động học phản ứng đơn phân tử .Lý thuyết RRKM | |
| 650 | 0 | 4 | |a Hóa học |x Tin học ứng dụng |
| 653 | |a Hóa học | ||
| 653 | |a Tin học | ||
| OWN | |a LSP | ||
| AVA | |a UDN50 |b LSP |d 540.76 TR-Q |e check_holdings |t Error 5003 Not defined in file expand_doc_bib_avail. |h N |k 1 | ||
| 999 | |a From the UDN01 | ||
| AVA | |a UDN50 |b LSP |d 540.76 TR-Q |e available |t Error 5001 Not defined in file expand_doc_bib_avail. |f 20 |g 3 |h N |i 3 |k 1 | ||
| TYP | |a Monograph | ||
| TYP | |a Printed language | ||
| 980 | |a Mạng thư viện Đại học Đà Nẵng | ||